[Event "Cafe Baroque International 4th"]
[Site "London"]
[Date "1994.11.18"]
[Round "1"]
[White "Dive, Russell John"]
[Black "Harari, Zaki"]
[Result "1-0"]
[WhiteElo "2315"]
[BlackElo "2260"]
[PlyCount "123"]
[EventDate "1994.11.18"]
[EventType "tourn"]
[EventRounds "9"]
[EventCountry "ENG"]
[EventCategory "4"]
[SourceTitle "BritBase"]
[Source "John Saunders"]
[SourceDate "2023.06.01"]
[SourceVersion "1"]
[SourceVersionDate "2023.06.01"]
[SourceQuality "1"]

1. d4 d5 2. c4 c6 3. Nf3 Nf6 4. Nc3 g6 5. Bf4 Bg7 6. e3 O-O 7. Rc1 Be6 8. Qb3
Qb6 9. Qxb6 axb6 10. Ng5 Nbd7 11. Be2 Bf5 12. cxd5 Nxd5 13. Nxd5 cxd5 14. g4 f6
15. gxf5 fxg5 16. Bxg5 gxf5 17. Bxe7 Rf7 18. Bd6 Rf6 19. Bf4 Rc6 20. O-O Rxa2
21. Bb5 Rg6+ 22. Kh1 Nf8 23. Rc2 Ra8 24. Bd3 Ne6 25. Bg3 Rf6 26. Be5 Rf7 27.
Rg1 Kh8 28. Bxg7+ Nxg7 29. Rgc1 Ne6 30. Rc8+ Rxc8 31. Rxc8+ Kg7 32. Rc3 Rf6 33.
Rb3 Nc7 34. Kg2 Kg6 35. Kf3 Rc6 36. Ra3 Kf6 37. Ra7 Ne6 38. Rxb7 Ng5+ 39. Ke2
h6 40. Rb8 Ne6 41. b4 f4 42. b5 Rd6 43. Rh8 Kg5 44. Rg8+ Kh5 45. Kf1 fxe3 46.
Be2+ Kh4 47. Rg4+ Kh3 48. Rg6 h5 49. Rh6 h4 50. fxe3 Rd8 51. Rxe6 Kxh2 52. Rxb6
Rf8+ 53. Ke1 h3 54. Rg6 Ra8 55. b6 Ra1+ 56. Kf2 Rb1 57. Rh6 Rb2 58. Kf3 Rb1 59.
Bd3 Rg1 60. b7 Rg3+ 61. Kf4 Rg8 62. Bf5 1-0

[Event "Cafe Baroque International 4th"]
[Site "London"]
[Date "1994.11.18"]
[Round "1"]
[White "Fatin, Tarek"]
[Black "Cummings, David H"]
[Result "0-1"]
[WhiteElo "2385"]
[BlackElo "2415"]
[PlyCount "74"]
[EventDate "1994.11.18"]
[EventType "tourn"]
[EventRounds "9"]
[EventCountry "ENG"]
[EventCategory "4"]
[SourceTitle "BritBase"]
[Source "John Saunders"]
[SourceDate "2023.06.01"]
[SourceVersion "1"]
[SourceVersionDate "2023.06.01"]
[SourceQuality "1"]

1. c4 Nf6 2. g3 g6 3. Bg2 Bg7 4. e4 d6 5. Ne2 O-O 6. O-O c6 7. Nbc3 a6 8. d4
Nbd7 9. f4 e5 10. Kh1 Re8 11. dxe5 dxe5 12. Be3 Qe7 13. Bg1 b5 14. f5 Bb7 15.
Qc2 h5 16. Rad1 Bh6 17. h3 Kg7 18. a3 Rac8 19. Qd3 b4 20. Na4 c5 21. axb4 cxb4
22. b3 Bc6 23. fxg6 fxg6 24. Nb2 Nc5 25. Bxc5 Qxc5 26. Qd6 Qxd6 27. Rxd6 Rf8
28. Nd3 Bxe4 29. Nxb4 a5 30. Nd3 Bxg2+ 31. Kxg2 a4 32. bxa4 Rxc4 33. Rb1 Rc2
34. Rb2 Rxb2 35. Nxb2 Rc8 36. Nd3 Rc2 37. Kf1 Rd2 0-1

[Event "Cafe Baroque International 4th"]
[Site "London"]
[Date "1994.11.18"]
[Round "1"]
[White "Kwiatkowski, Feliks Jerzy"]
[Black "Holland, Christopher KD"]
[Result "1-0"]
[WhiteElo "2260"]
[BlackElo "2265"]
[PlyCount "71"]
[EventDate "1994.11.18"]
[EventType "tourn"]
[EventRounds "9"]
[EventCountry "ENG"]
[EventCategory "4"]
[SourceTitle "BritBase"]
[Source "John Saunders"]
[SourceDate "2023.06.01"]
[SourceVersion "1"]
[SourceVersionDate "2023.06.01"]
[SourceQuality "1"]

1. e4 g6 2. d4 Bg7 3. Nc3 c6 4. f4 d5 5. e5 h5 6. Nf3 Nh6 7. Be3 Bg4 8. h3 Nf5
9. Bf2 Bxf3 10. Qxf3 h4 11. Bd3 e6 12. O-O Nd7 13. Nd1 Qc7 14. c3 c5 15. b3 Bf8
16. Ne3 O-O-O 17. Rfc1 Kb8 18. Nxf5 gxf5 19. c4 dxc4 20. Bxc4 Nb6 21. dxc5 Bxc5
22. Bxe6 fxe6 23. Bxc5 Qg7 24. Bd6+ Rxd6 25. exd6 Qd4+ 26. Kh1 Qxd6 27. Qc3 Rd8
28. Rf1 Nd5 29. Qd4 Nb4 30. Qf6 Nd3 31. Qxh4 Rg8 32. Qh7 Rc8 33. Qh4 Rg8 34.
Rad1 Qd5 35. Rd2 Qe4 36. Rf3 1-0

[Event "Cafe Baroque International 4th"]
[Site "London"]
[Date "1994.11.18"]
[Round "1"]
[White "McKenna, Jason P"]
[Black "Dunworth, Christopher N"]
[Result "0-1"]
[WhiteElo "2175"]
[BlackElo "2220"]
[PlyCount "82"]
[EventDate "1994.11.18"]
[EventType "tourn"]
[EventRounds "9"]
[EventCountry "ENG"]
[EventCategory "4"]
[SourceTitle "BritBase"]
[Source "John Saunders"]
[SourceDate "2023.06.01"]
[SourceVersion "1"]
[SourceVersionDate "2023.06.01"]
[SourceQuality "1"]

1. e4 g6 2. d4 c6 3. Nc3 d6 4. Be3 Bg7 5. Nf3 Nd7 6. a4 Ngf6 7. h3 O-O 8. a5 e5
9. dxe5 dxe5 10. Qd6 Re8 11. Bc4 Bf8 12. Qd3 h6 13. g4 Qe7 14. g5 Nh5 15. gxh6
Nf4 16. Qf1 Bxh6 17. h4 Nf8 18. h5 g5 19. Bxf4 exf4 20. O-O-O b5 21. Bxb5 Bg4
22. Be2 Bxf3 23. Bxf3 Qb4 24. Rd3 Re5 25. Nb1 Qxa5 26. Ra3 Qb6 27. Rb3 Qc5 28.
Rc3 Qb6 29. Rb3 Rb5 30. Rxb5 cxb5 31. Rg1 Rc8 32. Qe2 b4 33. Rd1 Ne6 34. Rd3
Nd4 35. Rxd4 Qxd4 36. Bg4 Rd8 37. Nd2 Bg7 38. Nc4 a5 39. h6 Bxh6 40. Bf5 Bg7
41. Qf1 a4 0-1

[Event "Cafe Baroque International 4th"]
[Site "London"]
[Date "1994.11.18"]
[Round "1"]
[White "Olesen, Martin"]
[Black "McDonald, Neil R"]
[Result "1/2-1/2"]
[WhiteElo "2320"]
[BlackElo "2420"]
[PlyCount "22"]
[EventDate "1994.11.18"]
[EventType "tourn"]
[EventRounds "9"]
[EventCountry "ENG"]
[EventCategory "4"]
[SourceTitle "BritBase"]
[Source "John Saunders"]
[SourceDate "2023.06.01"]
[SourceVersion "1"]
[SourceVersionDate "2023.06.01"]
[SourceQuality "1"]

1. e4 c5 2. Nf3 Nc6 3. d4 cxd4 4. Nxd4 e5 5. Nb5 d6 6. N1c3 a6 7. Na3 b5 8. Nd5
Nce7 9. c4 Nxd5 10. cxd5 Be7 11. Bd3 Bg5 1/2-1/2

[Event "Cafe Baroque International 4th"]
[Site "London"]
[Date "1994.11.18"]
[Round "2"]
[White "Cummings, David H"]
[Black "Kwiatkowski, Feliks Jerzy"]
[Result "1/2-1/2"]
[WhiteElo "2415"]
[BlackElo "2260"]
[PlyCount "70"]
[EventDate "1994.11.18"]
[EventType "tourn"]
[EventRounds "9"]
[EventCountry "ENG"]
[EventCategory "4"]
[SourceTitle "BritBase"]
[Source "John Saunders"]
[SourceDate "2023.06.01"]
[SourceVersion "1"]
[SourceVersionDate "2023.06.01"]
[SourceQuality "1"]

1. d4 Nf6 2. c4 e6 3. Nc3 Bb4 4. e3 b6 5. Nge2 Ba6 6. a3 Bxc3+ 7. Nxc3 d5 8. b3
O-O 9. Be2 Qd7 10. O-O dxc4 11. bxc4 Nc6 12. Qa4 Na5 13. Qxd7 Nxd7 14. Nb5 Rfc8
15. Bd2 Nb3 16. Ra2 Bb7 17. Rb1 Nxd2 18. Rxd2 Kf8 19. f3 f5 20. Kf2 Nf6 21. h3
h5 22. h4 Ke7 23. Rbd1 Ba6 24. Nc3 Ne8 25. c5 Bxe2 26. Nxe2 Nf6 27. Nf4 Rd8 28.
Rc2 b5 29. Ng6+ Ke8 30. Ne5 a5 31. Rb1 Rdb8 32. Rcb2 b4 33. axb4 a4 34. b5 Nd5
35. Ra1 Rb7 1/2-1/2

[Event "Cafe Baroque International 4th"]
[Site "London"]
[Date "1994.11.18"]
[Round "2"]
[White "Harari, Zaki"]
[Black "Fatin, Tarek"]
[Result "0-1"]
[WhiteElo "2260"]
[BlackElo "2385"]
[PlyCount "92"]
[EventDate "1994.11.18"]
[EventType "tourn"]
[EventRounds "9"]
[EventCountry "ENG"]
[EventCategory "4"]
[SourceTitle "BritBase"]
[Source "John Saunders"]
[SourceDate "2023.06.01"]
[SourceVersion "1"]
[SourceVersionDate "2023.06.01"]
[SourceQuality "1"]

1. b3 Nf6 2. Bb2 d5 3. e3 Bf5 4. g3 Nbd7 5. Bg2 e5 6. d3 Bb4+ 7. Nd2 O-O 8. h3
c6 9. Ne2 Bg6 10. a3 Bd6 11. O-O h6 12. b4 a5 13. bxa5 Rxa5 14. Nb3 Ra7 15. a4
Qe7 16. Qd2 Re8 17. a5 Nh7 18. Rae1 f6 19. f4 Nc5 20. Nxc5 Bxc5 21. f5 Bf7 22.
Bc3 Rea8 23. d4 Bd6 24. dxe5 fxe5 25. Kh2 Nf6 26. Rb1 Bc7 27. Ra1 Qd8 28. Rfb1
Bh5 29. Kg1 Qd6 30. g4 Bf7 31. Qe1 Qc5 32. Qg3 Re8 33. Rb2 d4 34. Bb4 Qc4 35.
Qf2 c5 36. Bd2 Bd5 37. Ng3 Bxg2 38. Qxg2 dxe3 39. Bxe3 Qc3 40. Bc1 e4 41. Ne2
Qc4 42. Rab1 Be5 43. Rxb7 Rxb7 44. Rxb7 Rd8 45. Bf4 Rd1+ 46. Kh2 Rd2 0-1

[Event "Cafe Baroque International 4th"]
[Site "London"]
[Date "1994.11.18"]
[Round "2"]
[White "Holland, Christopher KD"]
[Black "Olesen, Martin"]
[Result "1-0"]
[WhiteElo "2265"]
[BlackElo "2320"]
[PlyCount "101"]
[EventDate "1994.11.18"]
[EventType "tourn"]
[EventRounds "9"]
[EventCountry "ENG"]
[EventCategory "4"]
[SourceTitle "BritBase"]
[Source "John Saunders"]
[SourceDate "2023.06.01"]
[SourceVersion "1"]
[SourceVersionDate "2023.06.01"]
[SourceQuality "1"]

1. c4 Nf6 2. Nc3 c5 3. Nf3 b6 4. g3 Bb7 5. Bg2 e6 6. O-O a6 7. d4 cxd4 8. Qxd4
d6 9. Rd1 Nbd7 10. b3 Be7 11. Bb2 O-O 12. Ng5 Bxg2 13. Kxg2 Qc7 14. Nge4 Ne8
15. Kg1 Qb7 16. Ba3 Nc5 17. Nxc5 bxc5 18. Qe4 Qxe4 19. Nxe4 f5 20. Nc3 Nf6 21.
Rac1 Rab8 22. Kg2 Kf7 23. Rd3 h5 24. Re1 h4 25. e4 g6 26. Bc1 Ng4 27. Bf4 hxg3
28. Bxg3 Rbd8 29. f3 Ne5 30. Bxe5 dxe5 31. Red1 Rd4 32. Ne2 Rxd3 33. Rxd3 Rd8
34. Rxd8 Bxd8 35. Nc1 Ke7 36. Nd3 Kd6 37. Kg3 Bg5 38. h3 Be3 39. Kg2 Bf4 40.
Kf2 Bg5 41. Ke2 Bh6 42. Kd1 Be3 43. Kc2 Bd4 44. a3 a5 45. b4 cxb4 46. axb4 axb4
47. Kb3 Kc6 48. Kxb4 Kb6 49. c5+ Ka6 50. Kc4 Ka5 51. Nb4 1-0

[Event "Cafe Baroque International 4th"]
[Site "London"]
[Date "1994.11.18"]
[Round "2"]
[White "McKenna, Jason P"]
[Black "Dive, Russell John"]
[Result "0-1"]
[WhiteElo "2175"]
[BlackElo "2315"]
[PlyCount "84"]
[EventDate "1994.11.18"]
[EventType "tourn"]
[EventRounds "9"]
[EventCountry "ENG"]
[EventCategory "4"]
[SourceTitle "BritBase"]
[Source "John Saunders"]
[SourceDate "2023.06.01"]
[SourceVersion "1"]
[SourceVersionDate "2023.06.01"]
[SourceQuality "1"]

1. e4 Nf6 2. e5 Nd5 3. d4 d6 4. Nf3 Nb6 5. Be2 g6 6. O-O Bg7 7. Be3 O-O 8. h3
Nc6 9. exd6 cxd6 10. Nc3 Bf5 11. Nh4 Bd7 12. Nf3 Rc8 13. Qd2 Re8 14. Rad1 d5
15. Bf4 a6 16. Ne5 Be6 17. Rfe1 Nd7 18. Bf3 Ndb8 19. h4 b5 20. a3 Na5 21. h5
Nc4 22. Nxc4 Rxc4 23. Be5 Bf8 24. hxg6 hxg6 25. Qg5 Nc6 26. Kh2 Qd7 27. Rh1
Nxe5 28. dxe5 d4 29. Kg1 Bg7 30. Rh4 Rd8 31. Be2 Rc5 32. Rhxd4 Qxd4 33. Rxd4
Rxd4 34. Qxe7 Rxe5 35. Qe8+ Kh7 36. Qb8 Rd2 37. Kf1 Rxc2 38. Qd6 Rxb2 39. g3
Rc2 40. Qd3 Rc1+ 41. Kg2 Bc4 42. Qd2 Rxc3 0-1

[Event "Cafe Baroque International 4th"]
[Site "London"]
[Date "1994.11.19"]
[Round "3"]
[White "Dive, Russell John"]
[Black "Dunworth, Christopher N"]
[Result "1/2-1/2"]
[WhiteElo "2315"]
[BlackElo "2220"]
[PlyCount "117"]
[EventDate "1994.11.18"]
[EventType "tourn"]
[EventRounds "9"]
[EventCountry "ENG"]
[EventCategory "4"]
[SourceTitle "BritBase"]
[Source "John Saunders"]
[SourceDate "2023.06.01"]
[SourceVersion "1"]
[SourceVersionDate "2023.06.01"]
[SourceQuality "1"]

1. d4 g6 2. c4 Bg7 3. Nc3 c5 4. d5 f5 5. g3 Bxc3+ 6. bxc3 Qa5 7. Qb3 Nf6 8. Bg2
d6 9. Nh3 Nbd7 10. Nf4 Nb6 11. O-O Qa6 12. Ne6 Bxe6 13. dxe6 O-O-O 14. Rb1 Ne4
15. f3 Nf6 16. e4 Qxc4 17. exf5 gxf5 18. Bg5 Nfd5 19. Qxc4 Nxc4 20. Rfe1 f4 21.
Bf1 Nd2 22. Kf2 Nxb1 23. Rxb1 h6 24. Bh4 Nxc3 25. Re1 Nd5 26. Bd3 Rhf8 27. a4
Kc7 28. a5 fxg3+ 29. hxg3 Nf6 30. Kg2 d5 31. Bb5 d4 32. g4 Nd5 33. Kf2 Nf4 34.
Bxe7 Rfe8 35. Bxd8+ Kxd8 36. Re4 Nh3+ 37. Kg3 Ng5 38. Re5 Rxe6 39. Rxc5 Rd6 40.
Bd3 Ne6 41. Rh5 Nc7 42. f4 Nd5 43. g5 hxg5 44. fxg5 Nb4 45. Be4 d3 46. g6 d2
47. g7 d1=Q 48. g8=Q+ Kc7 49. Rh7+ Rd7 50. Qc4+ Nc6 51. Rxd7+ Qxd7 52. a6 Qd6+
53. Kf2 Qf6+ 54. Ke3 Qg5+ 55. Kf2 Qh4+ 56. Kf1 Qf6+ 57. Ke1 b6 58. Bxc6 Qxc6
59. Qf4+ 1/2-1/2

[Event "Cafe Baroque International 4th"]
[Site "London"]
[Date "1994.11.19"]
[Round "3"]
[White "Fatin, Tarek"]
[Black "McKenna, Jason P"]
[Result "1-0"]
[WhiteElo "2385"]
[BlackElo "2175"]
[PlyCount "93"]
[EventDate "1994.11.18"]
[EventType "tourn"]
[EventRounds "9"]
[EventCountry "ENG"]
[EventCategory "4"]
[SourceTitle "BritBase"]
[Source "John Saunders"]
[SourceDate "2023.06.01"]
[SourceVersion "1"]
[SourceVersionDate "2023.06.01"]
[SourceQuality "1"]

1. c4 Nf6 2. g3 g6 3. Bg2 Bg7 4. Nc3 O-O 5. e4 d6 6. Nge2 Nc6 7. O-O e5 8. d3
Be6 9. Nd5 Qd7 10. Bg5 Ne8 11. Qd2 f6 12. Be3 Ne7 13. Nxe7+ Qxe7 14. f4 c6 15.
Rac1 Nc7 16. d4 Bf7 17. fxe5 fxe5 18. d5 c5 19. Bh3 Ne8 20. Bg5 Bf6 21. Rxf6
Nxf6 22. Nc3 Kh8 23. Rf1 Bg8 24. Bh6 Rf7 25. Be6 Raf8 26. Bxf7 Rxf7 27. Qg5 a6
28. Kg2 b5 29. cxb5 axb5 30. Qh4 b4 31. Bg5 Kg7 32. Nd1 h5 33. Ne3 Qf8 34. h3
Ne8 35. Ng4 Kh7 36. Rxf7+ Qxf7 37. Ne3 Qd7 38. g4 Bf7 39. Bf6 Qb5 40. Bg5 Qd3
41. Kf3 Qb1 42. Qf2 Qxa2 43. Kg3 Qa7 44. gxh5 gxh5 45. Nf5 Qd7 46. Ne7 Kg7 47.
Bh6+ 1-0

[Event "Cafe Baroque International 4th"]
[Site "London"]
[Date "1994.11.19"]
[Round "3"]
[White "Kwiatkowski, Feliks Jerzy"]
[Black "Harari, Zaki"]
[Result "1/2-1/2"]
[WhiteElo "2260"]
[BlackElo "2260"]
[PlyCount "133"]
[EventDate "1994.11.18"]
[EventType "tourn"]
[EventRounds "9"]
[EventCountry "ENG"]
[EventCategory "4"]
[SourceTitle "BritBase"]
[Source "John Saunders"]
[SourceDate "2023.06.01"]
[SourceVersion "1"]
[SourceVersionDate "2023.06.01"]
[SourceQuality "1"]

1. e4 e5 2. Nf3 d6 3. d4 exd4 4. Nxd4 g6 5. Nc3 Bg7 6. Be2 Nf6 7. O-O O-O 8. f4
Re8 9. Bf3 Na6 10. Re1 c6 11. Be3 Qc7 12. Qd2 Bg4 13. Qe2 Bxf3 14. Qxf3 Nc5 15.
Bf2 a5 16. a4 Nfd7 17. Rad1 Rad8 18. Nde2 Na6 19. b3 Nb4 20. Rd2 b6 21. Red1
Nc5 22. Bd4 Qe7 23. Bxg7 Kxg7 24. Ng3 h5 25. Re2 Qf6 26. Red2 h4 27. e5 dxe5
28. Nge4 Qe7 29. f5 f6 30. Qg4 Rxd2 31. Qxg6+ Kf8 32. Rxd2 Qg7 33. Qxf6+ Qxf6
34. Nxf6 Re7 35. Nce4 Kf7 36. Nxc5 Kxf6 37. Nd7+ Kxf5 38. Nxb6 e4 39. Nc4 e3
40. Re2 Kf4 41. Nxa5 Rd7 42. Kf1 Rd1+ 43. Re1 Rxe1+ 44. Kxe1 h3 45. Kf1 Nxc2
46. Nxc6 hxg2+ 47. Kxg2 e2 48. Nb4 Nxb4 49. Kf2 Nd3+ 50. Kxe2 Nc1+ 51. Kd2
Nxb3+ 52. Kc3 Nc5 53. a5 Ke5 54. Kc4 Kd6 55. h4 Nd7 56. h5 Nf6 57. h6 Kc6 58.
a6 Kb6 59. a7 Kxa7 60. Kc5 Kb7 61. Kd6 Kc8 62. Ke6 Nh7 63. Ke7 Kc7 64. Kf7 Kd7
65. Kg7 Ke7 66. Kxh7 Kf7 67. Kh8 1/2-1/2

[Event "Cafe Baroque International 4th"]
[Site "London"]
[Date "1994.11.19"]
[Round "3"]
[White "McDonald, Neil R"]
[Black "Holland, Christopher KD"]
[Result "1-0"]
[WhiteElo "2420"]
[BlackElo "2265"]
[PlyCount "47"]
[EventDate "1994.11.18"]
[EventType "tourn"]
[EventRounds "9"]
[EventCountry "ENG"]
[EventCategory "4"]
[SourceTitle "BritBase"]
[Source "John Saunders"]
[SourceDate "2023.06.01"]
[SourceVersion "1"]
[SourceVersionDate "2023.06.01"]
[SourceQuality "1"]

1. e4 d5 2. exd5 Nf6 3. d4 Nxd5 4. c4 Nf6 5. Nc3 e6 6. Nf3 Be7 7. Be2 O-O 8.
O-O Nbd7 9. h3 c5 10. Be3 cxd4 11. Nxd4 a6 12. Qa4 Qc7 13. Rac1 Ne5 14. Rfd1
Bd7 15. Qb3 Nc6 16. Nxc6 Bxc6 17. Nb5 Qa5 18. Nd4 Ba4 19. Qxb7 Bxd1 20. Rxd1
Qb4 21. Qxb4 Bxb4 22. Nc6 a5 23. a3 Rfe8 24. axb4 1-0

[Event "Cafe Baroque International 4th"]
[Site "London"]
[Date "1994.11.19"]
[Round "3"]
[White "Olesen, Martin"]
[Black "Cummings, David H"]
[Result "1/2-1/2"]
[WhiteElo "2320"]
[BlackElo "2415"]
[PlyCount "56"]
[EventDate "1994.11.18"]
[EventType "tourn"]
[EventRounds "9"]
[EventCountry "ENG"]
[EventCategory "4"]
[SourceTitle "BritBase"]
[Source "John Saunders"]
[SourceDate "2023.06.01"]
[SourceVersion "1"]
[SourceVersionDate "2023.06.01"]
[SourceQuality "1"]

1. e4 c5 2. Nf3 e6 3. d4 cxd4 4. Nxd4 Nc6 5. Nb5 d6 6. c4 Nf6 7. N1c3 a6 8. Na3
b6 9. Be2 Bb7 10. f4 Be7 11. Be3 Qc7 12. O-O Nb8 13. Bf3 Nbd7 14. Rc1 Rc8 15.
Qe2 h6 16. Nab1 Rg8 17. Nd2 g5 18. e5 gxf4 19. exd6 Bxf3 20. Qxf3 Bxd6 21. Bxf4
Bxf4 22. Qxf4 Qxf4 23. Rxf4 Rg4 24. Rf2 Ke7 25. Rcf1 Rcg8 26. b3 Ne5 27. g3
Nfd7 28. Nf3 R8g7 1/2-1/2

[Event "Cafe Baroque International 4th"]
[Site "London"]
[Date "1994.11.19"]
[Round "4"]
[White "Cummings, David H"]
[Black "McDonald, Neil R"]
[Result "1/2-1/2"]
[WhiteElo "2415"]
[BlackElo "2420"]
[PlyCount "26"]
[EventDate "1994.11.18"]
[EventType "tourn"]
[EventRounds "9"]
[EventCountry "ENG"]
[EventCategory "4"]
[SourceTitle "BritBase"]
[Source "John Saunders"]
[SourceDate "2023.06.01"]
[SourceVersion "1"]
[SourceVersionDate "2023.06.01"]
[SourceQuality "1"]

1. d4 d5 2. c4 e6 3. Nc3 Be7 4. cxd5 exd5 5. Bf4 Nf6 6. e3 Bf5 7. Nge2 O-O 8.
Ng3 Be6 9. Bd3 c5 10. dxc5 Bxc5 11. O-O Nc6 12. Rc1 d4 13. exd4 Bxd4 1/2-1/2

[Event "Cafe Baroque International 4th"]
[Site "London"]
[Date "1994.11.19"]
[Round "4"]
[White "Dive, Russell John"]
[Black "Fatin, Tarek"]
[Result "1/2-1/2"]
[WhiteElo "2315"]
[BlackElo "2385"]
[PlyCount "115"]
[EventDate "1994.11.18"]
[EventType "tourn"]
[EventRounds "9"]
[EventCountry "ENG"]
[EventCategory "4"]
[SourceTitle "BritBase"]
[Source "John Saunders"]
[SourceDate "2023.06.01"]
[SourceVersion "1"]
[SourceVersionDate "2023.06.01"]
[SourceQuality "1"]

1. d4 Nf6 2. c4 e6 3. Nc3 Bb4 4. Qc2 d5 5. a3 Bxc3+ 6. Qxc3 O-O 7. Nf3 Nbd7 8.
cxd5 exd5 9. Bg5 c6 10. e3 Qe8 11. Nd2 Ne4 12. Nxe4 Qxe4 13. Qd3 Re8 14. Qxe4
dxe4 15. Rc1 Nb6 16. Be2 Be6 17. O-O a5 18. h3 a4 19. Rfe1 Bd5 20. Bf4 Ra7 21.
Bd6 Na8 22. Bg3 b5 23. Rc5 Nb6 24. Rec1 Nc4 25. Rc2 g6 26. Bf4 f6 27. h4 Kf7
28. Bf1 Rea8 29. Be2 Rb7 30. Bf1 Na5 31. g4 Bb3 32. Rc1 Be6 33. R1c2 Bd5 34. g5
f5 35. Kg2 Ra6 36. Kg1 Ke6 37. Bg3 Nb3 38. R5c3 Rab6 39. Bf4 Kd7 40. Bg3 Ke6
41. Bf4 Kd7 42. Bg3 b4 43. axb4 Rxb4 44. Bc4 Na5 45. Bxd5 cxd5 46. Rc7+ Ke6 47.
Rxb7 Rxb7 48. Rc8 Nc4 49. Ra8 Nxb2 50. Ra6+ Kd7 51. Kg2 Rb5 52. Be5 Rb3 53.
Rd6+ Ke8 54. Rxd5 a3 55. Bf6 Nc4 56. Rd8+ Kf7 57. d5 Nb6 58. Rh8 1/2-1/2

[Event "Cafe Baroque International 4th"]
[Site "London"]
[Date "1994.11.19"]
[Round "4"]
[White "Dunworth, Christopher N"]
[Black "Holland, Christopher KD"]
[Result "1/2-1/2"]
[WhiteElo "2220"]
[BlackElo "2265"]
[PlyCount "98"]
[EventDate "1994.11.18"]
[EventType "tourn"]
[EventRounds "9"]
[EventCountry "ENG"]
[EventCategory "4"]
[SourceTitle "BritBase"]
[Source "John Saunders"]
[SourceDate "2023.06.01"]
[SourceVersion "1"]
[SourceVersionDate "2023.06.01"]
[SourceQuality "1"]

1. d4 Nf6 2. Bg5 c5 3. Bxf6 gxf6 4. d5 Qb6 5. Qc1 f5 6. Nh3 Bg7 7. c3 O-O 8. g3
Qh6 9. Qxh6 Bxh6 10. e3 b6 11. a4 Bb7 12. Bg2 d6 13. O-O Nd7 14. Na3 Ne5 15.
Rfd1 Rfb8 16. Nf4 Bc8 17. Nd3 Nxd3 18. Rxd3 Bd7 19. Nc4 a6 20. Rd2 b5 21. Na5
Kf8 22. Nc6 Rc8 23. axb5 axb5 24. Rdd1 Bg7 25. Bf1 Rxa1 26. Rxa1 b4 27. Ra7
bxc3 28. bxc3 Bxc6 29. dxc6 Bxc3 30. c7 Ba5 31. Rxa5 Rxc7 32. Ra8+ Kg7 33. f4
c4 34. Ra2 f6 35. Kf2 e5 36. Ke2 d5 37. Kd2 Kf7 38. Kc3 Rc5 39. Bg2 Ke6 40. Rd2
Kd6 41. Rd1 Rb5 42. Rd2 Rb3+ 43. Kc2 e4 44. Re2 Kc5 45. Bh3 Kb4 46. Bxf5 c3 47.
Be6 Rb2+ 48. Kd1 Rb1+ 49. Kc2 Rb2+ 1/2-1/2

[Event "Cafe Baroque International 4th"]
[Site "London"]
[Date "1994.11.19"]
[Round "4"]
[White "Harari, Zaki"]
[Black "Olesen, Martin"]
[Result "1/2-1/2"]
[WhiteElo "2260"]
[BlackElo "2320"]
[PlyCount "103"]
[EventDate "1994.11.18"]
[EventType "tourn"]
[EventRounds "9"]
[EventCountry "ENG"]
[EventCategory "4"]
[SourceTitle "BritBase"]
[Source "John Saunders"]
[SourceDate "2023.06.01"]
[SourceVersion "1"]
[SourceVersionDate "2023.06.01"]
[SourceQuality "1"]

1. e4 c5 2. Nf3 d6 3. d4 Nf6 4. Nc3 cxd4 5. Qxd4 g6 6. e5 Nc6 7. Bb5 dxe5 8.
Bxc6+ bxc6 9. Qxd8+ Kxd8 10. Nxe5 Ke8 11. O-O Bb7 12. Re1 Bg7 13. Nc4 Rd8 14.
Be3 Nd5 15. Bc5 Rd7 16. Ne4 f6 17. Ned6+ Kf8 18. Nxb7 Rxb7 19. Re6 f5 20. Rae1
Kf7 21. Rxc6 Rd8 22. g3 Nf6 23. f3 g5 24. Ne5+ Kg8 25. Nd3 Nd7 26. Bxe7 Re8 27.
Rce6 Ne5 28. Nxe5 Rbxe7 29. Rxe7 Rxe7 30. f4 gxf4 31. gxf4 Bh6 32. Rf1 Bxf4 33.
Rxf4 Rxe5 34. Rc4 Ra5 35. a4 Kf7 36. Kf2 Kf6 37. Kf3 Ke5 38. b3 Rd5 39. Ke3 Rd1
40. Rc5+ Kf6 41. Rc7 h5 42. Rxa7 Rh1 43. Rc7 Rxh2 44. b4 Rh3+ 45. Kf2 Ra3 46.
a5 Kg5 47. Rc4 f4 48. Rc6 h4 49. Rc8 h3 50. Rg8+ Kh4 51. Rh8+ Kg4 52. Rg8+
1/2-1/2

[Event "Cafe Baroque International 4th"]
[Site "London"]
[Date "1994.11.19"]
[Round "4"]
[White "McKenna, Jason P"]
[Black "Kwiatkowski, Feliks Jerzy"]
[Result "1-0"]
[WhiteElo "2175"]
[BlackElo "2260"]
[PlyCount "68"]
[EventDate "1994.11.18"]
[EventType "tourn"]
[EventRounds "9"]
[EventCountry "ENG"]
[EventCategory "4"]
[SourceTitle "BritBase"]
[Source "John Saunders"]
[SourceDate "2023.06.01"]
[SourceVersion "1"]
[SourceVersionDate "2023.06.01"]
[SourceQuality "1"]

1. e4 e6 2. Nc3 d5 3. Nf3 Bb4 4. a3 Ba5 5. e5 d4 6. Ne2 Nc6 7. c3 dxc3 8. bxc3
Qd5 9. d4 Nge7 10. Bd2 O-O 11. Ng3 f6 12. exf6 Rxf6 13. Bd3 h6 14. O-O Qd8 15.
Qe2 Nf5 16. Nh5 Rf8 17. g4 Nd6 18. Ne5 Nxe5 19. Qxe5 Rf7 20. Qxa5 Qh4 21. f3 b6
22. Qe5 Bb7 23. Bg6 Re7 24. Be1 Qg5 25. Qxg5 hxg5 26. Bd2 Rf8 27. Bxg5 Rd7 28.
Nf4 Ba6 29. Bd3 Bxd3 30. Nxd3 Nb5 31. Bd2 c5 32. Ne5 Rdd8 33. a4 Nc7 34. Bg5
Rc8 1-0

[Event "Cafe Baroque International 4th"]
[Site "London"]
[Date "1994.11.20"]
[Round "5"]
[White "Fatin, Tarek"]
[Black "Dunworth, Christopher N"]
[Result "1/2-1/2"]
[WhiteElo "2385"]
[BlackElo "2220"]
[PlyCount "95"]
[EventDate "1994.11.18"]
[EventType "tourn"]
[EventRounds "9"]
[EventCountry "ENG"]
[EventCategory "4"]
[SourceTitle "BritBase"]
[Source "John Saunders"]
[SourceDate "2023.06.01"]
[SourceVersion "1"]
[SourceVersionDate "2023.06.01"]
[SourceQuality "1"]

1. c4 g6 2. g3 Bg7 3. Bg2 e5 4. Nc3 d6 5. d3 f5 6. Nf3 Nf6 7. d4 e4 8. Ng1 O-O
9. h4 c5 10. d5 Nbd7 11. Nh3 Ne5 12. Qb3 a6 13. Bf4 Qe8 14. Bxe5 Qxe5 15. e3
Rb8 16. a4 b6 17. Nf4 Qe8 18. Bf1 Bd7 19. Be2 Ng4 20. Bxg4 fxg4 21. O-O h6 22.
Ne6 Bxe6 23. dxe6 Bxc3 24. Qxc3 Qxe6 25. Rad1 Rf3 26. Qd2 Rf6 27. b3 a5 28. Qd5
Qxd5 29. Rxd5 Kf7 30. Rfd1 Ke7 31. h5 g5 32. R1d2 Rd8 33. Kf1 Ke6 34. Ke1 Rf5
35. Rxf5 Kxf5 36. Rd5+ Ke6 37. Ke2 Rd7 38. Ke1 Rb7 39. Rd2 Rd7 40. Rd5 Rf7 41.
Ke2 Rf5 42. Rxf5 Kxf5 43. Kd2 Ke5 44. Kc2 d5 45. Kc1 Kd6 46. Kc2 Kc6 47. Kc3
dxc4 48. bxc4 1/2-1/2